00881nam a22001937a 4500003000400000005001700004008004100021020001800062082002200080100002200102245011800124260003600242300002600278504004100304505024600345650002600591653003500617653003500652OSt20230529154910.0230529b |||||||| |||| 00| 0 eng d a978000098855300a515.625222bR11D1 aRadin, Michael A.10aDifference equations for scientists and engineering : interdisciplinary difference equationscby Michael A. Radin aChennaibWorld Scientificc2020 axii, 317p.bPaperback aIncludes bibliographical references.0 aFirst order linear difference equations -- First order nonlinear difference equations -- Second order linear difference equations -- Second order nonlinear difference equations -- Advanced periodic characteristics and new research questions. 0aDifference equations. aDifferential equations, Linear aNonlinear difference equations